| 000 | 01277nam a2200313 c 4500 | ||
|---|---|---|---|
| 003 | BLK | ||
| 005 | 20231102005218.0 | ||
| 008 | 180409b bul|||||r ||||||| ||bul|| | ||
| 010 | _aKNG00125414000 | ||
| 040 | _aBLK | ||
| 041 |
_aBUL _cBUL |
||
| 080 |
_aБългарска литература _b821.163.2 _x-93-32 _z821.163.2-93-32 |
||
| 700 | 1 |
_aЖечева, Бистра _eсъавт. _9316333 |
|
| 700 | 1 |
_aЖечкова, Бистра _e* _9316334 |
|
| 700 |
_aКръстев, Тодор _gСтоянов, Тодор Кръстев _eхудож. _9249110 |
||
| 139 |
_aЖечева, Бистра _bЖ 46 |
||
| 245 | 1 | 0 |
_aТримата малки смелчаци _bРазказ за деца _cсъавт. Бистра Жечева; худож. Тодор Кръстев; * Бистра Жечкова. |
| 257 | _aBGR | ||
| 260 |
_аСофия _bБълг. художник _c1966 |
||
| 300 |
_a16 с. _bс ил. _c18 см |
||
| 380 | _aDX | ||
| 490 | 1 | _aБиблиотека Детски свят | |
| 852 | _aЦб І 12901 | ||
| 856 | 4 |
_qpdf _u |
|
| 856 | 4 |
_qpdf _u |
|
| 942 |
_cKNG _n0 |
||
| 944 |
_aCR _c27.08.2011 _lCRON CRON _k |
||
| 944 |
_aED _c27.08.2011 _l27.08.2011 - от С1,Р / 27.08.2011 _k |
||
| 999 |
_c119799 _d119799 |
||